000 00414nam a2200157 i 4500
001 146781
003 ES-MaACL
005 20230906201652.0
007 t|
008 070917s1904 sp ||||1| spa d
100 1 _aTrilles, Ramón.
_9111428
245 1 0 _aAmores
_b: (poema) /
_cRamón Trilles.
260 _a[Valencia :
_bs.n.,
_c1904] (
_fDomenech)
300 _a93 p. ;
_c17 cm.
852 _aES-MaACL
_jG-13255
999 _c146781
_d146781